LEADER 01129nam a2200253 i 4500 001 991000746709707536 005 20020509174859.0 008 010514s1962 uk ||| | eng 035 $ab11404024-39ule_inst 035 $aPARLA214664$9ExL 040 $aDip.to Filosofia$bita 082 0 $a530.092 100 1 $aNewton, Isaac$04135 245 10$aUnpublished scientific papers of Isaac Newton :$ba selection from the Portsmouth collection in the University Library, Cambridge /$cA. Rupert Hall, Marie Boas Hall 260 $aCambridge :$bUniversity press,$c1962 300 $aXX, [1], 415 p. :$bill. ;$c24 cm. 700 1 $aHall Boas, Marie$eauthor$4http://id.loc.gov/vocabulary/relators/aut$0734791 700 1 $aHall, Alfred Rupert$eauthor$4http://id.loc.gov/vocabulary/relators/aut$0234908 907 $a.b11404024$b21-09-06$c01-07-02 912 $a991000746709707536 945 $aLE005IF I F 3$g1$iLE005IFA-1532$lle005$o-$pE0.00$q-$rl$s- $t0$u0$v0$w0$x0$y.i11591481$z01-07-02 996 $aUnpublished scientific papers of Isaac Newton$91451175 997 $aUNISALENTO 998 $ale005$b01-01-01$cm$da $e-$feng$guk $h0$i1